000 00790nam a22002777a 4500
001 BR0602447
003 BR-BrBNA
005 20230928102157.0
007 ta
008 230509b bl.||||| |||| 00| 0 por d
040 _aBR-BrBNA
_bpor
_cBiblioteca Nacional de Agricultura
041 _a(Por)
072 _aN01; E70
090 _ N01 BR0602447
110 1 _aCompanhia Nacional de Abastecimento, Brasília, DF (Brasil)
245 1 _aCorredores de escoamento da produção agrícola
260 3 _aBrasília, DF (Brasil):
_c2005.
300 _a68 p.
500 _a18 illus; 5 tables; 9 ref.
650 _aCANAL DE ESCOAMENTO
650 _aPRODUÇÃO AGRÍCOLA
650 _aRENTABILIDADE
650 _aCOMERCIALIZAÇÃO
909 _a202309
_bLucia
_c55
_dLucia Elande
942 _cBK
999 _c69504
_d69504